Nexus : a brief history of information networks from the Stone Age to AI / (Record no. 613541)
[ view plain ]
| 000 -LEADER | |
|---|---|
| fixed length control field | 00458nam a22001457a 4500 |
| 020 ## - INTERNATIONAL STANDARD BOOK NUMBER | |
| International Standard Book Number | 978-1911717096 |
| 082 ## - DEWEY DECIMAL CLASSIFICATION NUMBER | |
| Classification number | 001.09 |
| Author Mark | HAR |
| 100 ## - MAIN ENTRY--PERSONAL NAME | |
| Personal name | Harari, Yuval Noah |
| 245 ## - TITLE STATEMENT | |
| Title | Nexus : a brief history of information networks from the Stone Age to AI / |
| Statement of responsibility, etc. | Yuval Noah Harari. |
| 260 ## - PUBLICATION, DISTRIBUTION, ETC. | |
| Place of publication, distribution, etc. | New York : |
| Name of publisher, distributor, etc. | Random House, |
| Date of publication, distribution, etc. | 2024. |
| 300 ## - PHYSICAL DESCRIPTION | |
| Extent | xxxii, 492p. : |
| 504 ## - BIBLIOGRAPHY, ETC. NOTE | |
| Bibliography, etc. note | Includes bibliographical references and index. |
| 563 ## - BINDING INFORMATION | |
| Binding note | PB |
| 942 ## - ADDED ENTRY ELEMENTS (KOHA) | |
| Source of classification or shelving scheme | |
| Koha item type | Book |
| Withdrawn status | Lost status | Source of classification or shelving scheme | Damaged status | Not for loan | Permanent Location | Current Location | Date acquired | Source of acquisition | Cost, normal purchase price | Total Checkouts | Total Renewals | Full call number | Barcode | Checked out | Date last seen | Date last checked out | Price effective from | Koha item type |
|---|---|---|---|---|---|---|---|---|---|---|---|---|---|---|---|---|---|---|
| Central Library (CL) | Central Library (CL) | 04/13/2025 | Golden Books, Lahore. | 3676.00 | 6 | 2 | 001.09 HAR | CL-1638 | 05/27/2026 | 04/27/2026 | 04/27/2026 | 04/14/2025 | Book |
